Największy powiat w każdym województwie - Statystyki

Ogólne statystyki
  • Ten quiz został rozwiązany 114 razy
  • Średni wynik to 9 z 16
Statystyki odpowiedzi
Powierzchnia km² Województwo Powiat % Poprawnych
2976 podlaskie białostocki
91%
2838 warmińsko-mazurskie olsztyński
88%
2246 świętokrzyskie kielecki
81%
1534 opolskie opolski
75%
1900 wielkopolskie poznański
70%
1522 śląskie częstochowski
67%
2294 pomorskie słupski
61%
1550 małopolskie nowosądecki
59%
2754 lubelskie bialski
55%
1643 dolnośląskie kłodzki
53%
2098 mazowieckie ostrołęcki
48%
1491 łódzkie sieradzki
42%
1869 zachodniopomorskie gryfiński
38%
1393 lubuskie żarski
35%
1473 kujawsko-pomorskie świecki
33%
1308 podkarpackie lubaczowski
28%
Nie znaleziono quizów pasujących do podanych kryteriów
Rozkład punktacji
Procent ludzi z każdym wynikiem
Percentyl według liczby udzielonych odpowiedzi
Twoja historia wyników
Nie rozwiązałeś tego quizu